Magic in ancient Egypt
Αποθηκεύτηκε σε:
| Κύριος συγγραφέας: | |
|---|---|
| Μορφή: | Βιβλίο |
| Γλώσσα: | English |
| Δημοσίευση: |
Austin :
University of Texas Press,
1995
|
| Θέματα: | |
| Ετικέτες: |
Προσθήκη ετικέτας
Δεν υπάρχουν, Καταχωρήστε ετικέτα πρώτοι!
|
MARC
| LEADER | 00000nam a2200000 i 4500 | ||
|---|---|---|---|
| 001 | 1/27777 | ||
| 008 | 020927s1994 eng d | ||
| 020 | |a 0-292-76559-2 | ||
| 035 | |l 10068499 | ||
| 040 | |a GR-MY-UA |b gre |e aacr | ||
| 041 | 0 | |a eng | |
| 082 | 0 | |a 133.430932 | |
| 100 | 1 | |a Pinch, Geraldine. | |
| 245 | 1 | 0 | |a Magic in ancient Egypt / |c Geraldine Pinch |
| 260 | |a Austin : |b University of Texas Press, |c 1995 | ||
| 300 | |a 191 p. |b 25 cm. | ||
| 650 | 0 | 0 | |a Magic, Ancient. |
| 650 | 0 | 0 | |a Magic, Egyptian. |
| 651 | 0 | |a Egypt |x Antiquities. | |
| 852 | |a INST |b RHODES |e 20020927 |h 133.430932 PIN |p 005400016152 |q 005400016152 |t BK |y 0 | ||
| 901 | |a BIBL4-2002-3 | ||
| 909 | |a Ρ |b 102442 | ||
| 922 | |a 4ΕΛΗ |b 200209 |c ΚΠΣ/124 | ||
| 950 | |a 124-2002-03-12 | ||
| 970 | |a ΚΟΥΛΑΚΙΟΤΗ |b ΛΙΤΣΑ |z 2002/10/03 | ||